Countries Black Panther has visited - Statistics

General Stats
  • This quiz has been taken 66 times
  • The average score is 7 of 13
Answer Stats
Continent Country % Correct
North America United States of America
94%
South America Brazil
77%
Africa Wakanda
73%
Europe Germany
71%
Asia/ Europe Russia
65%
South America Argentina
63%
Africa South Africa
54%
Asia South Korea
52%
Africa Nigeria
50%
Europe Austria
38%
Africa Zambia
38%
Africa Uganda
37%
Europe Romania
25%
No matching quizzes found
Score Distribution
Percent of People with Each Score
Percentile by Number Answered
Your Score History
You have not taken this quiz